| 000 | 01359nam a2200301 4500 | ||
|---|---|---|---|
| 003 | EC-UNACH | ||
| 005 | 20251107115924.0 | ||
| 006 | s||||gr|||| 00| 00 | ||
| 008 | 150116t9999 mx r gr 000 0 spa d | ||
| 020 | _a9978-44-760-1 | ||
| 040 |
_aEC-UNACH _cEC-UNACH |
||
| 041 | _aspa | ||
| 082 | 0 | 4 |
_223 _a070.4 _bL017960 |
| 110 | _aEl comercio | ||
| 245 | _aEl comercio 100 años de historia y testimonios | ||
| 250 | _aPrimera edición | ||
| 264 |
_aEcuador _bEl comercio _c2006 |
||
| 300 | _a324 | ||
| 505 | _aLibro primero: La saga de los Mantilla.-- Libro segundo: el Comercio no va a morir.-- Libro tercero: Tribulaciones y consolidación.-- Libro cuarto: caminos que se bifurcan.-- Libro quinto: la era Carlista, bríos renovados.-- Libro sexto: renacer de las cenizas.-- Libro séptimo: vivir sin el Comercio.-- Libro octavo: cambios en los sesenta y los setenta.-- Libro noveno: una transición con muchos diseños.-- Libro decimo: una profunda trasformación.--Libro undécimo: personajes y anécdotas.-- Libro duodécimo: un siglo bajo la lupa.-- | ||
| 650 | _aDIARIO INDEPENDIENTE Y SERIO | ||
| 650 | _aUNA MIRADA AL ESCENARIO | ||
| 650 | _aPERFILES DEL SIGLO XX | ||
| 700 | _aJorge Ribadeneira | ||
| 942 |
_2ddc _c1 |
||
| 999 | _c14155 | ||